| Tag |
First Indicator |
Second Indicator |
Subfields |
| LEADER |
00000cem a2200000Ia 4500 |
| 001 |
in00001727621 |
| 005 |
20151025050731.0 |
| 008 |
030331s2002 vauag bh a f 1 eng d |
| 020 |
|
|
|a 0607990252
|
| 034 |
1 |
|
|a a
|b 24000
|d W1165230
|e W1164500
|f N0405230
|g N0404500
|
| 035 |
|
|
|a (OCoLC)ocm51945786
|
| 040 |
|
|
|a GZN
|c GZN
|d TXA
|d UtOrBLW
|
| 049 |
|
|
|a TXAM
|
| 086 |
|
|
|a I 19.91:I-2668
|
| 110 |
2 |
|
|a Geological Survey (U.S.)
|
| 245 |
1 |
0 |
|a Geologic map of the Izzenhood Spring quadrangle, Lander County Nevada /
|c U.S. Department of the Interior, U.S. Geological Survey ; by David A. John and Chester T. Wrucke.
|
| 255 |
|
|
|a Scale 1:24,000 ;
|b Universal Transverse Mercator proj.
|c (W 116⁰52ʹ30ʺ--W 116⁰45ʹ00ʺ/N 40⁰52ʹ30ʺ--N 40⁰45ʹ00ʺ).
|
| 264 |
|
1 |
|a [Reston, Va.] :
|b U.S. Geological Survey,
|c 2002.
|
| 300 |
|
|
|a 1 map :
|b color ;
|c 58 x 44 cm., on sheet 84 x 94 cm., folded in envelope 30 x 24 cm.
|
| 336 |
|
|
|a cartographic image
|b cri
|2 rdacontent
|
| 337 |
|
|
|a unmediated
|b n
|2 rdamedia
|
| 338 |
|
|
|a sheet
|b nb
|2 rdacarrier
|
| 490 |
1 |
|
|a Geologic investigations series ;
|v I-2668
|
| 500 |
|
|
|a Relief shown by contours and spot heights.
|
| 500 |
|
|
|a Includes index map.
|
| 500 |
|
|
|a Also available on the internet.
|
| 500 |
|
|
|a Cartographic material.
|
| 650 |
|
0 |
|a Geology
|z Nevada
|z Lander County
|v Maps.
|
| 700 |
1 |
|
|a John, David A.
|
| 700 |
1 |
|
|a Wrucke, Chester T.,
|d 1927-
|
| 830 |
|
0 |
|a Geologic investigations series ;
|v I-2668.
|
| 948 |
|
|
|a cataloged
|b h
|c 2003/4/15
|d c
|e jgreene
|f 10:56:11 am
|
| 994 |
|
|
|a E0
|b TXA
|
| 999 |
|
|
|a MARS
|
| 999 |
f |
f |
|s 329b98d5-8812-336c-8c02-ac808913d867
|i 638326dc-1962-352b-a674-e825090c6a6d
|t 0
|
| 952 |
f |
f |
|p normal
|a Texas A&M University
|b College Station
|c Sterling C. Evans Library
|d Evans: Maps File (2nd floor)
|t 0
|e I 19.91:I-2668
|h Superintendent of Documents classification
|i unmediated -- sheet
|m A14830074337
|
| 998 |
f |
f |
|a I 19.91:I-2668
|t 0
|l Evans: Maps File (2nd floor)
|